Българска сценична реч (Запис номер 171278)
[ съкратено ]
| 000 -Лидер | |
|---|---|
| Лидер | 01451nam a2200349 a 4500 |
| 003 - Код на организацията, давaща контролен номер | |
| Код на организацията, даваща контролен номер | BLK |
| 005 - Дата и час на последна редакция | |
| Дата и час на последна редакция | 20241107164629.0 |
| 008 - Елементи от данни с фиксирана дължина | |
| Елементи с фиксирана дължина | 180411b bul|||||r ||||||| ||bul|| |
| 010 ## - Наследен системен номер | |
| LC control number | KNG00179533000 |
| 040 ## - Източник на каталожния запис | |
| Код на библиотеката | BLK |
| 041 ## - Код за език | |
| Език | Български |
| Език за КДБФ | Български |
| 080 ## - УДК | |
| УДК текст | Роли и образи. Актьорско майсторство:техника на изпълнение на ролята, интерпретация на ролята или отд. сцени. Амплоа. Сценична реч. Сценичен бой |
| УДК код | 792.028 |
| УДК – определител | (497.2)(075.8) |
| УДК – код + определител | 792.028(497.2)(075.8) |
| 100 1# - Редна дума - Автор | |
| Автор | Георгиева, Мара Атанасова |
| R(LIN) | 376361 |
| 245 10 - Сведения за заглавието | |
| Заглавие | Българска сценична реч |
| Подзаглавни данни | учебник за студенти от ВИТИЗ |
| Авторска отговорност | Мара Атанасова Георгиева. |
| 250 ## - Област на изданието | |
| Поредност на изданието | 3. изд. |
| 257 ## - Страна на издаване | |
| Страна на създаване/издаване | България |
| 260 ## - Област на издателските данни | |
| Място на издаване | София |
| Име на издателя | Наука и изкуство |
| Година на издаване | 1977 |
| 300 ## - Физическа характеристика | |
| Брой страници | 255 с. |
| Размер | 22 см |
| 380 ## - Жанр | |
| Жанр | Изкуство |
| 500 ## - Общи забележки | |
| Обща забележка | 1. изд.1969 |
| 504 ## - Забележка за наличие на библиография и др | |
| Библиография | Библиогр. с. 249-250. |
| 650 #4 - Допълнително описание по предмет – тема | |
| Предметна рубрика | Сценична реч |
| 9 (RLIN) | 172758 |
| 650 #7 - Допълнително описание по предмет – тема | |
| Предметна рубрика | Рецитация |
| 9 (RLIN) | 169393 |
| 653 ## - Ключова дума – ненормативна | |
| Ключови думи | учебници за ВУЗ |
| 852 ## - Местоположение | |
| Сигнатура (форматна) | Цб 85253 |
| 852 ## - Местоположение | |
| Отдел | Отдел Изкуство - подръчен фонд |
| Систематично-азбучна сигнатура | 792/Г 37 М |
| 856 4# - Електронен адрес и достъп | |
| Електронен формат | pdf - файл |
| 856 4# - Електронен адрес и достъп | |
| Електронен формат | pdf - файл |
| 942 ## - АРТИКУЛИ | |
| Вид на библиотечния документ | Книги |
| Скрит в OPAC | Не |
| 944 ## - СЪЗДАВАНЕ И РЕДАКЦИЯ на ЗАПИСА | |
| Създаване/Редакция | Създаване |
| Дата на регистрацията/редакция | 11.08.2015 |
| Служител, извършил регистрацията/редакцията | 30560 |
| Номер на служител | Геновева Генчева |
| 999 ## - СИСТЕМНИ КОНТРОЛНИ НОМЕРА | |
| Koha biblionumber | 171278 |
| Koha biblioitemnumber | 171278 |
| Код за отписване | Код за изгубен артикул | Източник на класификационната схема | Код за повреда | Коз за рестрикции | Код за отдаване | Артикулен № | Име на библиотеката - собственик | Име на библиотеката, в която се намира в момента | Статус (Текущо местоположение) | Дата на вписване в системата | Местоположение - отдел | Цена в лева | Инвентарен номер | Систематично азбучна сигнатура | Баркод | Номер на екземпляра | Цена в евро | Служебна бележка | Служебен тип на артикула |
|---|---|---|---|---|---|---|---|---|---|---|---|---|---|---|---|---|---|---|---|
| Липсващ | Universal Decimal Classification | Не е повреден | без рестрикции | ползва се в читалня | 291083 | Регионална библиотека "Любен Каравелов" Русе | Регионална библиотека "Любен Каравелов" Русе | Хранилище | 1977-01-01 | Хранилище | 0.78 | 224944 | Цб 85253 | 224944 | 1 | 0.40 | Дост: Dp Вид: Д N: стар фонд Дата: 01.01.1977 | Книги | |
| Не е изгубен | Universal Decimal Classification | Не е повреден | заемане за дома | 954314 | Регионална библиотека "Любен Каравелов" Русе | Регионална библиотека "Любен Каравелов" Русе | Отдел Изкуство - подръчен фонд | 2024-11-08 | Отдел Изкуство - подръчен фонд | 0.78 | 120000915006 | 792/Г 37 М | 120000915006 | 0.40 | Книги |